| 000 | 00566nam a2200193 i 4500 | ||
|---|---|---|---|
| 001 | 89358 | ||
| 003 | ES-MaACL | ||
| 005 | 20230906180144.0 | ||
| 007 | t| | ||
| 008 | 050110s1966 sp ||||1| spa d | ||
| 100 | 1 |
_aLangley, Nina. _970062 |
|
| 245 | 1 | 0 |
_aDoctor Schweitzer / _cNina Langley ; traducción de R. Orta Manzano. |
| 250 | _a[1ª ed.]. | ||
| 260 |
_aBarcelona : _bJuventud, _c[1966] |
||
| 300 |
_a188 p., 4 lám. ; _c18 cm. |
||
| 600 | 0 | 4 |
_aSchweitzer, Albert. _9104897 |
| 700 | 1 |
_aOrta Manzano, Rafael. _987385 |
|
| 852 |
_aES-MaACL _jG-15773 _bR.59961 |
||
| 999 |
_c89358 _d89358 |
||